| 000 | 01785nam0a2200397 4500 | ||
|---|---|---|---|
| 001 | RU\NLR\BIBL_A\011710504 | ||
| 005 | 20260504062752.0 | ||
| 010 |
_a978-5-486-04050-4 _92000 |
||
| 035 | _a(NLR Aleph) 011710504 | ||
| 090 |
_a11431068 _c11431068 |
||
| 100 | _a20180522d2011 |||y0rusy50 ca | ||
| 101 | 1 |
_arus _ceng |
|
| 102 | _aRU | ||
| 105 | _ay z 000gy | ||
| 106 | _as | ||
| 135 | _acrmn mmmancda | ||
| 200 | 1 |
_aПер Гюнт _bЭлектронный ресурс _e[драматическая поэма в пяти действиях] _fГенрик Ибсен _g[пер. с англ. А. и П. Ганзен _gкоммент. Б. Акимова] |
|
| 210 |
_aМосква _cМир книги _cЛитература _d2011 |
||
| 215 | _a254, [1] c. | ||
| 225 | 1 | _aШедевры мировой литературы | |
| 230 | _aЭлектрон. дан. | ||
| 300 | _aЗагл. с титул. экрана | ||
| 325 | _aКопия доступна в Электрон. б-ке РНБ | ||
| 686 | 1 | _aШ6(4Нр)57-62{Лх1467-215} | |
| 700 | 1 |
_7ca _8rus _aИбсен _bГ. _f1828-1906 _gГенрик _912729 _3RU\NLR\AUTH\7729701 |
|
| 702 | 1 |
_4730 _7ca _8rus _aГанзен _bА. В. _f1869-1942 _gАнна Васильевна _942978 _3RU\NLR\AUTH\7760047 |
|
| 702 | 1 |
_4730 _7ca _8rus _aГанзен _bП. Г. _f1846-1930 _gПетр Готфридович _961713 _3RU\NLR\AUTH\7778785 |
|
| 852 | 0 | 0 | _aNLR |
| 942 | _cBOOK | ||
| 980 | _aNB | ||
| 981 | 3 | 3 |
_a(33) Художественная литература _b(33) Зарубежная литература |